| 000 | 01122nmm a2200301 a 4500 | ||
|---|---|---|---|
| 001 | ocm0002347670 | ||
| 003 | TR-IsHL | ||
| 005 | 20201028185143.0 | ||
| 008 | 190904s2019 tu tur | ||
| 007 | cr cn | ||
| 020 | _a9789944330602 | ||
| 035 |
_a2347670 _b(N$T) |
||
| 050 | 0 | 4 |
_aPK6589.F477 _bÖ6 2019 |
| 090 | 0 | 4 |
_aPK6589.F477 _bÖ6 2019 |
| 100 | 1 | _aFerruhzad, Furuğ | |
| 245 | 1 | 0 |
_aÖnce ben öleceğim: öyküler, gezi yazıları, mektuplar, makaleler ve söyleşiler _h[electronic resource] / _cFuruğ Ferruhzad ; çeviren ve yayına hazırlayan Haşim Hüsrevşahi ; editör Özgün Enver Bulut |
| 250 | _a1. Basım | ||
| 260 |
_aİstanbul : _bTotem Yayınları, _c2019 |
||
| 300 | _a400 p. | ||
| 650 | 4 | _aDil ve Edebiyat | |
| 650 | 4 | _aLanguage and Literature | |
| 650 | 0 |
_aİran edebiyatı _x Eleştiri |
|
| 650 | 0 |
_aPersian literature _x Criticism |
|
| 650 | 7 |
_aLITERARY CRITICISM / Middle Eastern _2bisacsh |
|
| 700 | 1 | _aHüsrevşahi, Haşim | |
| 700 | 1 | _aBulut, Özgün Enver | |
| 856 | 4 | 0 | _uhttp://search.ebscohost.com/login.aspx?direct=true&scope=site&db=e011xww&AN=2347670 |
| 999 |
_c21334 _d21334 |
||